|
|
|
|
| LEADER |
00000nab a2200000uu 4500 |
| 001 |
vtls011432005 |
| 003 |
SK-MaSNL |
| 005 |
20260225194529.0 |
| 008 |
230218|2005 xo |||||||||||||||||slo| |
| 015 |
|
|
|a SNBRB
|
| 035 |
|
|
|a (urnnbn)urn:nbn:sk:snk:ar-000ngr
|
| 035 |
|
|
|a (uuid)4569c85f-396e-488c-8314-3147c68ea08c
|
| 035 |
|
|
|a urn:nbn:sk:snk-abc8ek
|
| 040 |
|
|
|a SNKBUCL
|b slo
|c SNKBUCL
|e AACR2
|
| 041 |
0 |
|
|a slo
|
| 044 |
|
|
|a xo
|c SK
|
| 245 |
0 |
0 |
|a TLAČOVÉ KOMUNIKÉ č. 65/05
|
| 773 |
0 |
|
|t Duševné vlastníctvo : revue pre teóriu a prax v oblasti duševného vlastníctva
|g Roč. 9, č. 3 (2005), s. 53
|
| 954 |
|
|
|a odborná, vedecká literatúra pôvodná (slovenská)
|2 lita
|
| 958 |
|
|
|a OND
|
| 958 |
|
|
|a EUIPO
|
| 958 |
|
|
|a article16
|
| 999 |
|
|
|c 1938630
|d 1940560
|